000 00824pam a2200241 a 4500
999 _c2382
_d2382
001 72
003 BD-DhUAP
005 20200224095449.0
008 200224t19881983maua b 001 0 eng
020 _a0262160919
040 _aDLC
_cDLC
_dBD-DhUAP
082 0 0 _a720.1 PER
_223
100 2 _aPerez-Gomez, Alberto.
245 1 0 _aArchitecture and the crisis of modern science /
_cAlberto Perez-Gomez.
260 _aCambridge, Mass. :
_bThe MIT Press,
_cc1983 [Reprinted 1988].
300 _ax, 400 pages :
_billustrations ;
_c24 cm.
504 _aIncludes Bibliographical References and Index.
650 0 _aArchitecture
_zEurope
_xHistory
_y17th century.
650 0 _aArchitecture
_zEurope
_xHistory
_y18th century.
650 0 _aFunctionalism (Architecture)
_zEurope.
650 0 _aArchitecture
_xPhilosophy.
942 _2ddc
_cBK